International Business : (Record no. 14975)
[ view plain ]
| 000 -LEADER | |
|---|---|
| fixed length control field | 01308nam a22003135a 4500 |
| 008 - FIXED-LENGTH DATA ELEMENTS--GENERAL INFORMATION | |
| fixed length control field | 090106t2010 xxua frb 001 0deng d |
| 020 ## - INTERNATIONAL STANDARD BOOK NUMBER | |
| International Standard Book Number | 9780136095200 |
| 020 ## - INTERNATIONAL STANDARD BOOK NUMBER | |
| International Standard Book Number | 0136095208 |
| 040 ## - CATALOGING SOURCE | |
| Original cataloging agency | EG-ScBUE |
| Language of cataloging | eng |
| Transcribing agency | EG-ScBUE |
| 082 04 - DEWEY DECIMAL CLASSIFICATION NUMBER | |
| Classification number | 658.049 |
| Item number | WIL |
| Edition number | 22 |
| 100 1# - MAIN ENTRY--PERSONAL NAME | |
| Personal name | Wild, John J. |
| 9 (RLIN) | 4506 |
| 245 10 - TITLE STATEMENT | |
| Title | International Business : |
| Remainder of title | The Challenges of Globalization / |
| Statement of responsibility, etc | John J. Wild, Kenneth L. Wild, Jerry C.Y. Han. |
| 250 ## - EDITION STATEMENT | |
| Edition statement | 5th ed. |
| Remainder of edition statement | Global Edition |
| 260 ## - PUBLICATION, DISTRIBUTION, ETC. (IMPRINT) | |
| Place of publication, distribution, etc | Boston: |
| Name of publisher, distributor, etc | Pearson Prentice Hall, |
| Date of publication, distribution, etc | c.2010. |
| 300 ## - PHYSICAL DESCRIPTION | |
| Extent | 507 p. : |
| Other physical details | col. ill., maps ; |
| Dimensions | 28 cm. |
| 500 ## - GENERAL NOTE | |
| General note | Glossary : p. 478-486. |
| 504 ## - BIBLIOGRAPHY, ETC. NOTE | |
| Bibliography, etc | Bibliography : p. 459-466. |
| 505 0# - FORMATTED CONTENTS NOTE | |
| Formatted contents note | Global business environments -- National Business Environments -- International trade and investment --The international financial system --International business management . |
| 590 ## - LOCAL NOTE (RLIN) | |
| Local note | Mernna Elemam |
| 541 ## - IMMEDIATE SOURCE OF ACQUISITION NOTE | |
| Source of acquisition | Bacca ; |
| 650 #0 - SUBJECT ADDED ENTRY--TOPICAL TERM | |
| Topical term or geographic name as entry element | International business enterprises |
| General subdivision | Management. |
| 9 (RLIN) | 4507 |
| Source of heading or term | BUEsh |
| 650 #0 - SUBJECT ADDED ENTRY--TOPICAL TERM | |
| Topical term or geographic name as entry element | International trade. |
| 9 (RLIN) | 4508 |
| Source of heading or term | BUEsh |
| 651 ## - SUBJECT ADDED ENTRY--GEOGRAPHIC NAME | |
| Source of heading or term | BUEsh |
| 653 ## - INDEX TERM--UNCONTROLLED | |
| Resource For college | BAEPS, Business Administration |
| Arrived date list | August2015 |
| 700 1# - ADDED ENTRY--PERSONAL NAME | |
| Personal name | Wild, Kenneth L. |
| 9 (RLIN) | 4509 |
| 700 1# - ADDED ENTRY--PERSONAL NAME | |
| Personal name | Han, Jerry C. Y. |
| 9 (RLIN) | 4510 |
| 856 41 - ELECTRONIC LOCATION AND ACCESS | |
| Materials specified | Table of contents only |
| Uniform Resource Identifier | <a href="http://www.loc.gov/catdir/toc/ecip074/2006037228.html">http://www.loc.gov/catdir/toc/ecip074/2006037228.html</a> |
| 942 ## - ADDED ENTRY ELEMENTS (KOHA) | |
| Item type | Book - Borrowing |
| Source of classification or shelving scheme | Dewey Decimal Classification |
| Call number prefix | 658.049 WIL |
| Withdrawn status | Item status | Source of classification or shelving scheme | Damaged status | Not for loan | Vendor | Home library | Current library | Shelving location | Date acquired | Source of acquisition | Total Checkouts | Total Renewals | Full call number | Barcode | Date last seen | Date last borrowed | Koha item type |
|---|---|---|---|---|---|---|---|---|---|---|---|---|---|---|---|---|---|
| Dewey Decimal Classification | Baccah | Central Library | Central Library | First floor | 08/03/2011 | 5 | 16 | 658.049 WIL | 000022660 | 15/07/2025 | 23/12/2013 | Book - Borrowing | |||||
| Dewey Decimal Classification | Baccah | Central Library | Central Library | First floor | 08/03/2011 | 11 | 35 | 658.049 WIL | 000022659 | 15/07/2025 | 20/10/2019 | Book - Borrowing | |||||
| Dewey Decimal Classification | Baccah | Central Library | Central Library | First floor | 08/03/2011 | 5 | 46 | 658.049 WIL | 000022658 | 15/07/2025 | 26/09/2018 | Book - Borrowing | |||||
| Dewey Decimal Classification | Baccah | Central Library | Central Library | First floor | 08/03/2011 | 4 | 14 | 658.049 WIL | 000022657 | 15/07/2025 | 21/10/2019 | Book - Borrowing | |||||
| Dewey Decimal Classification | Baccah | Central Library | Central Library | First floor | 08/03/2011 | 5 | 20 | 658.049 WIL | 000022656 | 15/07/2025 | 30/05/2018 | Book - Borrowing | |||||
| Dewey Decimal Classification | Baccah | Central Library | Central Library | First floor | 08/03/2011 | 9 | 16 | 658.049 WIL | 000022655 | 15/07/2025 | 14/12/2014 | Book - Borrowing | |||||
| Dewey Decimal Classification | Baccah | Central Library | Central Library | First floor | 08/03/2011 | 6 | 29 | 658.049 WIL | 000022654 | 15/07/2025 | 10/10/2013 | Book - Borrowing | |||||
| Dewey Decimal Classification | Baccah | Central Library | Central Library | First floor | 08/03/2011 | 658.049 WIL | 000022653 | 15/07/2025 | NB - Book (Non borrowing) |